[Event "Hoogovens-B"]
[Site "Wijk aan Zee"]
[Date "1999.01.26"]
[Round "7"]
[White "Glek, Igor Vladimirovich"]
[Black "Ionov, Sergey"]
[Result "0-1"]
[WhiteElo "2566"]
[BlackElo "2551"]
[Annotator "Gofshtein,L"]
[PlyCount "84"]
[EventDate "1999.01.19"]
[EventType "tourn"]
[EventRounds "11"]
[EventCountry "NED"]
[EventCategory "11"]
[SourceTitle "CBM 069"]
[Source "ChessBase"]
[SourceDate "1999.04.01"]
[SourceVersion "1"]
[SourceVersionDate "1999.04.01"]
[SourceQuality "1"]

1. e4 c5 2. Nf3 d6 3. d4 cxd4 4. Nxd4 Nf6 5. Nc3 Nc6 6. Bg5 e6 7. Qd2 Be7 8.
O-O-O O-O 9. f4 Nxd4 10. Qxd4 Qa5 11. Kb1 Rd8 12. Qd2 $6 {more  dangerous for
black 12.Be2 which happened in few games,for example see Hracek-  Kharlov} (12.
Be2 $5 Bd7 13. Qe3 h6 14. h4 Bc6 $2 (14... Rac8) 15. Rd3 Kf8 16. Bxf6 Bxf6 17.
Bf3 a6 (17... b5 $2 18. e5 $1 Bxf3 19. exf6 Bb7 20. f5 $40) 18. g4 $36 {
Hracek-Kharlov,1998 New York}) 12... Bd7 (12... Qc7 13. Qe1 (13. Bd3 a6 (13...
h6 14. h4 a6 (14... Bd7 15. g4 $36 {1-0 McDonald,N-Wall,T/London 1997/CBM 58
ext (38)}) 15. g4 Bd7 16. Rdg1 Bb5 17. Bxh6 Bxd3 18. cxd3 gxh6 19. f5 Kf8 20.
Qxh6+ Ke8 21. g5 Ng8 22. Qg7 Kd7 23. Qxf7 {1-0 Horvath,C-Pereira,F/Groningen
1984/EXT 99 (23)}) 14. Rhe1 h6 15. Bxf6 Bxf6 16. e5 Be7 17. Qe3 Bd7 18. Qe4 g6
$13 {1-0 Agnos,D-Kudrin,S/London 1988/TD (43)}) 13... a6 14. Bd3 h6 15. h4 $5
Kf8 16. e5 dxe5 17. fxe5 Nd7 18. Bf4 Nc5 19. Qe3 $36 {Lobron-Chiburdanidze,
Dortmund 1983}) (12... Qb6 $6 13. Qe1 h6 14. Bh4 Kf8 15. Bd3 Bd7 16. g4 $36 {
1-0 Fichtl,J-Paoli,E/Agard 1976/MCD (36)}) (12... h6 13. Bxf6 Bxf6 14. Nd5 Qxd2
15. Nxf6+ gxf6 16. Rxd2 Kf8 17. Be2 Ke7 18. Rhd1 e5 19. f5 (19. Rf1 Rg8 20. g3
$14 {1-0 Lanka,Z-Hjelm,N/Gausdal 1991/TD (37)}) 19... b6 $11 {1/2-1/2
Stripunsky,A-Jurka,M/Ceske Budejovice 1995/EXT 97 (78)}) (12... a6 $2 13. Nd5
Qxd2 14. Nxe7+ Kf8 15. Rxd2 Kxe7 16. e5 dxe5 17. Rxd8 Kxd8 18. fxe5 h6 19. exf6
{1-0 Metz,H-Liszka,G/Baden-Baden 1993/TD (19)}) (12... Kf8 $6 {N} 13. Bd3 h6
14. Bh4 (14. h4 $5) 14... b6 (14... d5 15. e5 $16) 15. g4 Bb7 (15... Nxg4 16.
Bxe7+ Kxe7 17. Rhg1 $16) 16. Rhg1 Rac8 17. g5 hxg5 18. fxg5 Nd7 19. Rdf1 Ne5
20. Qf4 g6 (20... Rxc3 21. Be1 $18) 21. Be1 $1 Qc5 22. Bf2 Qa5 23. Bd4 $18 Ke8
24. Bb5+ Bc6 25. Bxe5 Bxb5 26. Qxf7+ Kd7 27. Rd1 Rc6 28. Bf6 Re8 29. e5 d5 30.
Nxd5 exd5 31. Rxd5+ {1-0 Lanka,Z-Wessman,R/Moscow 1991/CBM 26/[Boensch,U] (31)}
) 13. Bd3 (13. Qe1 Qc5 14. e5 dxe5 15. fxe5 Nd5 16. Ne4 Qc7 17. Bxe7 Nxe7 18.
Nd6 Nf5 19. Bd3 Nxd6 20. exd6 Qc5 {1/2-1/2 Zarnicki,P-Sorokin,M/La Plata 1997/
CBM 62 ext (20)}) 13... h6 14. h4 (14. Bxf6 Bxf6 15. Nd5 Qxd2 16. Nxf6+ gxf6
17. Rxd2 Bc6 18. Re1 Kf8 19. Re3 Ke7 $11 {Xie Jun-Aleksieva,S/Cannes op18th
1997/1/2-1/2 (64)}) 14... Kf8 (14... hxg5 $2 15. hxg5 Ne8 16. g4 $18 {[%csl
Rh7,Rh8][%cal Rd2h2,Rh2h8]}) 15. e5 $146 {for my  opinion  black have good
position,white try create active play,but     without success} (15. Qe1 Rac8 {
[%cal Gc8c3]} (15... hxg5 $6 16. hxg5 Ng8 17. Rh8 $40 {[%cal Ge1h4,Gh4h7]}) 16.
e5 $2 dxe5 17. fxe5 hxg5 18. hxg5 ({Nothing changes} 18. exf6 Bxf6 19. hxg5
Bxc3 20. bxc3 Qxg5 $19) 18... Ng8 19. Rh8 Bb4 $19 20. Qh4 (20. g6 Bxc3 21. gxf7
Kxf7 22. bxc3 Qb6+ 23. Ka1 Qc5 24. Qf1+ Ke7 $19) 20... Bxc3 21. g6 Qb4 22.
Rxg8+ Kxg8 23. gxf7+ Kf8 $1 {0-1 Rodin,M-Kharlov,A/Maikop 1998/CBM 66/
[Gofshtein,L] (23)}) (15. g4 $5 {[%cal Gg5f6,Yg4g5]} hxg5 (15... Nxg4 $2 16.
Bxe7+ Kxe7 17. Nd5+ $18) (15... Rac8 16. Bxf6 Bxf6 17. e5 dxe5 18. g5 Be7 19.
gxh6 gxh6 20. fxe5 Qxe5 21. Qxh6+ $36) 16. hxg5 Ng8 17. Rh8 Rac8 18. Qh2 {
[%cal Rh8g8,Rh2h7,Rd1h1,Yh3h7]} Bxg5 $8 19. fxg5 {[%cal Rh2d6]} Ke7 20. g6 $40)
15... dxe5 16. fxe5 Qxe5 17. Rde1 Qa5 18. Bxh6 Bc6 $1 (18... gxh6 $2 19. Qxh6+
Ke8 (19... Kg8 20. Re3 Qc7 21. Rhh3 $18) 20. Qh8+ Bf8 21. Qxf6 $36) 19. Bg5 Bb4
$1 20. Rhf1 (20. Bxf6 $2 gxf6 21. Qh6+ Ke7) 20... Bxc3 21. Qxc3 {It is  better
21.bc , that lead to equal} (21. bxc3 $5 Bd5 (21... Nd5 $6 22. Bxd8 Nxc3+ 23.
Kb2 Qb4+ 24. Ka1 Rxd8 25. Qf4 Qxf4 26. Rxf4 Bxg2 27. Rxe6 $16) 22. c4 Qxd2 23.
Bxd2 Bxc4 24. Bb4+ Kg8 25. Bxc4 Rd4 26. Bxe6 Rxb4+ 27. Bb3 Kf8 $11) 21... Qxc3
22. bxc3 Bxg2 23. Rxf6 $2 {too agressive move ,better was 23.Rf2,that gave  
white good chances for defence} (23. Rf2 $5 Bc6 (23... Bh3 24. Rh1 Bg4 25. h5 (
25. Bxf6 gxf6 26. Rxf6 Ke7 $15)) (23... Bd5 24. c4 Bc6 25. h5 $44) 24. Bxf6 (
24. h5 Rd5 25. Bxf6 gxf6 26. Rxf6 Ke7 $15) 24... gxf6 25. Rxf6 $132) 23... gxf6
24. Bxf6 Rd5 $1 $17 {now  black  has  a clear  advantage,and quickly turns it
to decisive.} 25. Rg1 Bf3 26. Rg3 (26. Rg7 $6 Rh5 (26... Rc8 27. Bh7 Rd1+ 28.
Kb2 Ke8 $19)) 26... Bh5 27. c4 (27. Rg7 Bg6 $17) 27... Rd6 28. Rg7 e5 29. Rh7 (
29. Bxe5 Rh6 $17) 29... Rxf6 30. Rh8+ Ke7 31. Rxa8 Bf3 32. c5 (32. Rxa7 Rh6 33.
c5 Rxh4 34. Kc1 Ke6 $17) 32... a6 33. Rb8 Rh6 $19 34. Kc1 Rxh4 35. Kd2 Bd5 36.
c4 Bc6 37. Ke3 Rh3+ 38. Kd2 Rh2+ 39. Ke3 Rh3+ 40. Kd2 e4 41. Bf1 Ra3 42. Rh8 f5
0-1

[Event "RUS-Cup03 Geller Memorial"]
[Site "Moscow"]
[Date "1999.02.10"]
[Round "9"]
[White "Saulin, Dmitri"]
[Black "Kiselev, Sergey"]
[Result "1-0"]
[WhiteElo "2427"]
[BlackElo "2500"]
[Annotator "Gofshtein,L"]
[PlyCount "63"]
[EventDate "1999.02.10"]
[EventType "swiss"]
[EventRounds "9"]
[EventCountry "RUS"]
[SourceTitle "CBM 070"]
[Source "ChessBase"]
[SourceDate "1999.06.08"]
[SourceVersion "1"]
[SourceVersionDate "1999.06.08"]
[SourceQuality "1"]

1. e4 c5 2. Nf3 Nc6 3. d4 cxd4 4. Nxd4 Nf6 5. Nc3 d6 6. Bg5 e6 7. Qd2 Be7 8.
O-O-O O-O 9. f4 Nxd4 10. Qxd4 Qa5 11. Bc4 Bd7 12. e5 dxe5 13. fxe5 Bc6 14. Bd2
Nd7 15. Nd5 Qd8 16. Nxe7+ Qxe7 17. Rhe1 Rfd8 18. Qg4 Nf8 19. Bd3 Rxd3 {This is
popular line in last years,and gives usually good counterplay for black. In my
opinion    also possible 19...Rd5, how was shown undermentioned games.} (19...
Rd5 {'!?' Illescas Cordoba.} 20. h4 (20. Bg5 $6 Qc7 (20... Qc5 21. h4 Kh8 22.
Qf4 Kg8 23. Rf1 $36 {1/2-1/2 Wronn,B-Meyer,C/OLNW 1992/EXT 97-B (59)}) 21. Bf6
Ng6 $15) (20. Be4 Rdd8 21. Bb4 Qe8) (20. g3 $5 $146 Ng6 21. Bc3 Rc8 $6 $132 {
1-0 Illescas Cordoba,M-San Segundo,P/Ponferrada 1997/CBM 61/[Illescas Cordoba]
(62)} (21... Qc5 $142 $13)) 20... Rc8 (20... Ng6 $10) 21. Bb4 Qd8 22. Kb1 $13 {
0-1 Mokos,J-Chmelik,L/Sala 1995/EXT 97 (32)}) 20. cxd3 Qc5+ (20... Ng6 21. Kb1
Qd7 $6 (21... Qd8 $5 {[%csl Rh4][%cal Rd8h4,Rg6h4]} 22. Bc3 a5 23. g3 Ne7 24.
Bd4 Qd5 $132 {1/2-1/2 Anand,V-Lobron,E/Manila 1992/TD (52)}) 22. Bc3 a5 23. h4
$36 {1-0 Schlosser,P-Siegel,G/BL9596 1996/GER-chT (36)}) (20... Qd8 21. Bb4 Ng6
{[%csl Rh4][%cal Rd8h4,Rg6h4,Rg6e7,Ge7d5]} 22. Rd2 Qd5 $44 {1/2-1/2 Yemelin,
V-Greenfeld,A/Beersheva 1998/EXT 99 (40)}) (20... Rc8 21. Kb1 Qd7 22. Bc3 Qd5
23. Rd2 a5 $132 {1/2-1/2 Koglin,A-Pue,P/Clichy 1997/EXT 99 (68)}) (20... Qd7
21. Re3 (21. Bb4 Qd5 22. Bxf8 Rxf8 23. Kb1 Qxg2 24. Qxg2 Bxg2 25. Rc1 Bc6 26.
Rc4 $14 {Georgiev,Ki-Gurevich,D/Palma de Mallorca/1989}) (21. Kb1 Qxd3+ 22. Ka1
h5 23. Qe2 (23. Qxh5 $2 Ba4 24. b3 Qd4+ 25. Kb1 Bb5 $19) 23... Qxe2 24. Rxe2
Rd8 25. Rde1 Ng6 26. g3 $10) 21... Qd5 22. Kb1 Ng6 $44) 21. Kb1 Qd5 22. Bb4 $5
$146 (22. Qe4 Qd7 23. Qe2 Ng6 24. g3 Ne7 25. Bb4 Nf5 26. Bc3 a5 27. Qd2 {
1/2-1/2 Short,N-Pritchett,C/BCF-ch 1987/TD (27)}) 22... Ng6 {Black could to
take the pawn on g2, which leads to the ending with clear advantage for white.}
(22... Qxg2 23. Qxg2 Bxg2 24. Rc1 (24. Bxf8) 24... Bc6 25. Bxf8 $14) 23. Qe4
Qd8 24. Qe2 Qh4 {[%csl Rb4,Rh2][%cal Rh4h2,Rh4b4]} (24... Nh4 $5 $132 {[%csl
Gc6,Gh4][%cal Rh4g2,Rh4f5,Rf5d4,Rc6g2]}) 25. g4 Nf4 $6 {This is jump of knight
look very active,but he  leads only to troubles.25...Rd8 safe possibility to
defence} (25... Qh3 {[%csl Rf3][%cal Rc6f3,Rh3f3]} 26. Rf1 {[%csl Rf3,Rf7]
[%cal Rf1f7,Rg6h4]} Nh4 {[%csl Rf3][%cal Rh4f3,Rf3d4]} 27. Be7 $1 Nf3 28. Rc1
$16) (25... Rd8 $5) 26. Qd2 $16 Qxg4 $6 {Capture of pawn leads to lost
position,may be better 26...Ng6} 27. Rg1 Ng2 $2 {This is last mitake, persist
was 27...Qh4} (27... Qf5 28. Rgf1 g5 29. h4 Bb5 (29... Ba4 30. b3 Bb5 31. Ka1
Qxe5+ 32. Bc3 Qc5 33. Rg1 h6 34. hxg5 $18) (29... h6 30. hxg5 hxg5 31. Be7 Qxe5
32. Bxg5 Qxg5 33. Rg1 Bg2 34. Rdf1 $18) 30. Ka1 $18) (27... Qh4 $5 28. Be7 $1
Qxe7 29. Qxf4 $16) 28. Rdf1 $1 (28. Rc1 Qd4 29. Bc5 Qd5 30. Be7 Re8 31. Bg5 h6
32. Rxc6 bxc6 33. Bxh6 gxh6 34. Rxg2+ Kh7 35. Rf2) 28... Qd4 29. Bc3 (29. Bd6
$2 Ne3) 29... Qd5 30. Qf2 $18 Rf8 (30... Qxd3+ 31. Ka1 Qg6 32. Rd1 $1 Qe4 (
32... Qh5 33. Rd2 Nh4 34. Qf6 $18) 33. Rd2 Ne3 34. Re1 Ng4 35. Qh4 $1 $18) 31.
Qg3 $1 Rd8 32. Rf2 1-0

[Event "Budapest FS02 GM"]
[Site "Budapest"]
[Date "2000.02.11"]
[Round "7"]
[White "Ni, Hua"]
[Black "Nguyen, Anh Dung"]
[Result "1-0"]
[WhiteElo "2390"]
[BlackElo "2495"]
[Annotator "Gofshtein,L"]
[PlyCount "77"]
[EventDate "2000.02.05"]
[EventType "tourn"]
[EventRounds "13"]
[EventCountry "HUN"]
[EventCategory "9"]
[SourceTitle "CBM 076"]
[Source "ChessBase"]
[SourceDate "2000.05.31"]
[SourceVersion "1"]
[SourceVersionDate "2000.05.31"]
[SourceQuality "1"]

1. e4 c5 2. Nf3 d6 3. d4 cxd4 4. Nxd4 Nf6 5. Nc3 Nc6 6. Bg5 e6 7. Qd2 Be7 8.
O-O-O O-O 9. f4 Nxd4 10. Qxd4 Qa5 11. Bc4 Rd8 (11... Bd7 {- Main line}) 12. e5
(12. f5 exf5 (12... b5 $2 13. Bxb5 exf5 14. exf5 Bxf5 15. Rhf1 Bg6 16. Rde1 $16
{[%csl Rf6][%cal Gc3d5] 0-1 Shamkovich,Leonid-Sakharov,Yury N/URS-ch27
Leningrad (19) ;URS-ch 1960 (25)}) 13. Rhf1 h6 (13... fxe4 14. Nxe4 $16 {
[%csl Rf6]}) 14. Bd2 Qb6 15. Qxb6 axb6 16. exf5 d5 17. Bb3 d4 $132) (12. Rhf1
h6 $1 (12... Bd7 13. f5 Rac8 (13... b5 $2 14. fxe6 bxc4 15. Rf5 $1 Qb4 16.
exf7+ Kxf7 17. Bxf6 Bxf5 18. Bxe7 Be6 19. Bxd8 $18 {1-0 Zuidema,
Coenraad-Mohrlok,Dieter/Hoogovens-B Beverwijk (5) ;MCD 1963 (25)}) 14. Bb3 exf5
15. exf5 Bc6 (15... Re8 16. g4 Bc6 17. Rfe1 $14) 16. g4 d5 17. Rfe1 $14 {
0-1 Makarichev,Sergey-Osnos,Viatcheslav/URS-ch sf Tbilisi (12) ;MCD 1973 (42)})
(12... e5 13. Qd3 exf4 14. Bxf4 Be6 15. Bxe6 fxe6 16. Qh3 Kf7 17. e5 dxe5 18.
Rde1 $16 {1-0 Kaiumov,Dmitry D-Osnos,Viatcheslav/URS-ch otbor ;MCD 1975 (39)})
13. Bh4 e5 $5 14. Qd3 exf4 15. Rxf4 Be6 16. Bxe6 fxe6 17. Rxf6 Bxf6 18. Bxf6
gxf6 19. e5 Qxe5 20. Qg6+ $11 {1/2-1/2 Suetin,Alexey S-Pomar Salamanca,Arturo/
Capablanca mem (2) ;MCD 1969 (27)}) (12. Rd3 h6 $5 (12... Qc5 $2 13. Qxc5 dxc5
14. e5 (14. Rxd8+ Bxd8 15. e5 h6 16. Rd1 Ba5 17. Bxf6 gxf6 18. exf6 $16) 14...
Rxd3 15. Bxd3 Nd5 16. Bxe7 Nxe7 17. Rd1 $16 {1-0 Shabalov,Alexander-Rydberg,S/
USA-op Chicago (4) ;EXT 97 1994 (24)}) 13. Bh4 e5 $11) (12. Rhe1 h6 (12... a6
13. f5 b5 14. Bb3 b4 15. Na4 Rb8 16. Be3 Ng4 17. Bg1 Bd7 18. Nb6 $16 {Von
Nordheim,Thomas-Ballin,Andre/DLM Binz (3) ;Juniors 1994/1-0 (61)}) 13. Bh4 e5
$1 $132 {This plan - h7-h6 and e6-e5 is universal and permit to Black equalize.
}) 12... dxe5 13. Qxe5 b6 $4 $18 {[%mdl 16384] Terrible move} (13... Qb4 $142 {
Much better was} 14. Bb3 (14. Bb5 h6 15. Rxd8+ (15. a3 Qa5 16. Bh4 a6 17. Be2
Qb6 18. Rhf1 Rxd1+ 19. Rxd1 Bd7 20. Bf3 Rd8 21. Ne4 Ng4 22. Bxe7 (22. Qh5 Bxh4
23. Qxh4 Ne3 24. Qf2 Rc8 25. Nc3 Bc6 26. Bxc6 Rxc6 $11) 22... Nxe5 23. fxe5 Re8
24. Rxd7 Qb5 25. Rxb7 Qxb7 26. Nf6+ gxf6 27. Bxb7 Rxe7 28. Bxa6 $132 {
Jakovenko,Dmitrij-Grigoriants,Sergey/RUS-ch U16 Serpukhov (6) ;EXT 2000 1999/
1-0 (51)}) 15... Bxd8 16. Rd1 Qf8 17. Bh4 a6 18. Be2 Bd7 19. g4 Bc6 20. g5 hxg5
21. fxg5 Nd7 22. Qf4 Qc5 23. Rf1 Ne5 $11 {Sepp,Olav-Tsiganova,Monika/Keres mem
op (9) ;EXT 99 1998/1-0 (69)}) 14... Bd7 15. Rd4 Qb6 16. f5 h6 17. fxe6 Bxe6
18. Rxd8+ Bxd8 19. Bxe6 Qxe6 20. Qxe6 fxe6 21. Bf4 a6 $11 {1/2-1/2 Egger,
Jorge-Fish,Gannadij/Wch U20 Buenos Aires ;EXT 97 1992 (28)}) (13... Rxd1+ $6
14. Rxd1 Qb6 15. Bxf6 Bxf6 16. Nd5 Qxb2+ 17. Qxb2 Bxb2+ 18. Kxb2 exd5 19. Bxd5
Rb8 (19... g6 20. Rd3 Rb8 21. Rc3 Be6 22. Bxe6 fxe6 23. Rc7 $16 {1-0 Labib,
Ibrahim Hasan-Moh Abdel,Zaher/Cairo op (10) ;EXT 98 1996 (40)}) 20. Be4 Bg4 21.
Rd4 b5 $1 {[%csl Gc4]} 22. h3 Be6 23. f5 Bc4 24. Bd5 Bxd5 25. Rxd5 Kf8 $14) 14.
Rxd8+ (14. Ne4 Qxe5 15. fxe5 Nxe4 16. Bxe7 Rxd1+ 17. Rxd1 Bb7 18. Rd7 Rb8 19.
g3 $16) 14... Bxd8 15. Rd1 Bb7 (15... Be7 16. Be2 {[%cal Ge2f3]} h6 17. Bh4 (
17. Bf3 hxg5 18. Qxa5 bxa5 19. Bxa8 gxf4 $16) 17... Qxe5 18. fxe5 Nd5 19. Bxe7
Nxe7 20. Rd8+ Kh7 21. Bf3 Rb8 22. Nb5 $18) 16. Rxd8+ Rxd8 17. Qc7 Rf8 18. Qxb7
Qc5 19. b3 a6 (19... Qg1+ 20. Kb2 Qxh2 21. Qxa7 Qxg2 22. Bxf6 gxf6 23. Qxb6 $18
) 20. Qxa6 Nd5 21. Nd1 (21. Nxd5 exd5 22. Bd3 Qg1+ 23. Kb2 Qd4+ 24. c3 Qf2+ 25.
Bc2 f6 26. Qd3 fxg5 27. Qxh7+ Kf7 28. Qf5+ Kg8 29. Qxd5+ Kh8 30. fxg5 $18)
21... h6 22. Bxd5 Qxd5 23. Be7 Re8 24. Bb4 Qxg2 25. Qxb6 Qxh2 26. Qf2 Qh1 (
26... Qxf2 27. Nxf2 $18 {[%cal Ga2a4,Gb3b4]}) 27. a4 $6 (27. Qd4 $18 {[%csl
Rd8]}) 27... Rd8 28. Be1 h5 {Counterplay clearly late.} (28... g5 29. fxg5 hxg5
30. a5 g4 31. b4 (31. Qf6 Rd7 32. Qg5+ Kh7 33. Bd2 $16) 31... f5 32. b5 Qd5 33.
Qe2 $18) 29. a5 {[%csl Rh4]} Qd5 30. Qd2 Qa8 31. Qe2 Qh1 32. Nf2 Qh2 33. Qe4
Qg1 34. a6 Qf1 35. Nd3 Qg1 36. Kb2 Rc8 37. Bf2 Qd1 38. Bc5 Qd2 39. b4 1-0

[Event "Montreal 4th"]
[Site "Montreal"]
[Date "2003.07.31"]
[Round "8"]
[White "Nataf, Igor Alexandre"]
[Black "Bluvshtein, Mark"]
[Result "1/2-1/2"]
[WhiteElo "2549"]
[BlackElo "2447"]
[Annotator "Gofshtein,L"]
[PlyCount "84"]
[EventDate "2003.07.23"]
[EventType "tourn"]
[EventRounds "11"]
[EventCountry "CAN"]
[EventCategory "11"]
[SourceTitle "CBM 097"]
[Source "ChessBase"]
[SourceDate "2003.11.11"]
[SourceVersion "1"]
[SourceVersionDate "2003.11.11"]
[SourceQuality "1"]

1. e4 {[%mdl 264]} c5 2. Nc3 Nc6 3. Nge2 d6 4. d4 cxd4 5. Nxd4 Nf6 6. Bg5 e6 7.
Qd2 Be7 8. O-O-O O-O 9. f4 Nxd4 10. Qxd4 Qa5 11. Kb1 h6 12. h4 (12. Bxf6 Bxf6
13. Qd2 Rd8 14. Nd5 Qxd2 15. Nxf6+ gxf6 16. Rxd2 Kf8 $11) 12... Rd8 (12... hxg5
$6 13. hxg5 Ng4 14. Be2 e5 15. Nd5 $1 Qd8 16. Qg1 $16 {Beljavsky-Tseshkovsky,
USSR 1981}) (12... e5 13. Qd3 exf4 14. Bxf4 Be6 15. Be2 Rac8 16. Nd5 $14) 13.
Bd3 (13. g4 $6 e5 14. Qg1 exf4 15. Bxf6 Bxf6 16. Nd5 Be5 17. g5 h5 18. g6 $13 {
Byvsev-Taimanov 1952 USSR}) 13... Bd7 {Another move, 13...Kf8 was met in the
game givven below and allowed white to create a strong attack.} (13... Kf8 14.
Qe3 Qb6 15. Qf3 Bd7 16. e5 hxg5 17. hxg5 Ng8 18. Rh8 dxe5 19. Bh7 Ke8 20. g6
Bf6 21. fxe5 Ke7 22. Ne4 fxg6 23. Bxg8 {1-0 Smirnov,P-Sherbakov,R/Samara 2000/
CBM 78 (23)}) 14. e5 dxe5 15. fxe5 Bc6 16. Qe3 $5 $146 {[%mdl 8]} (16. Qf4 Nh5
17. Qg4 Rxd3 $1 (17... hxg5 18. Qxh5 Rxd3 19. hxg5 $1 $18) 18. Rxd3 hxg5 19.
Qxh5 g6 $1 $15 {Topalov,Kramnik} (19... gxh4 20. Rd4 g6 21. Rg4 Qc5 $1 22. Rf1
Bf6 $1 23. Rxg6+ fxg6 24. Qxg6+ $11 {Shirov-Anand Monako 1997})) 16... Ng4 $1 {
The only move. All the others lead to a serious difficulties} (16... Qc5 17.
Qg3 Nd7 18. Bxh6 Qxe5 19. Bf4 $16) (16... hxg5 17. hxg5 $18) (16... Bc5 17. Qd2
hxg5 18. exf6 $40) 17. Qf4 {Also after 17.Qg3 black repels the attack after} (
17. Qg3 hxg5 18. Qxg4 Qxe5 19. hxg5 Qxg5 20. Bh7+ Kf8 21. Be4 Bf6) 17... hxg5
18. hxg5 Qxe5 19. Bh7+ Kf8 20. Bg6 Rxd1+ 21. Nxd1 Ke8 22. Bxf7+ Kd7 23. Qxg4
Qxg5 {Perhaps 23...Qe4 is stronger, with equality} (23... Qe4 $5 24. Qxe4 (24.
Qh5 Qxg2 $11) 24... Bxe4 25. Bxe6+ Kxe6 26. Re1 Kf5 27. Nf2 Bxc2+ 28. Kxc2 Rc8+
$11) 24. Qxe6+ Kc7 25. Nc3 Rd8 {Black has enough compensation for the pawn} 26.
Rh5 Qf6 27. Qxf6 Bxf6 28. Nd5+ Kd6 {It was simpler to get to a different
coloured bishop endgame, which, as it well known, leads to a draw without much
difficulties} (28... Bxd5 $1 29. Bxd5 Re8 30. c3 Re5 31. Rxe5 Bxe5 $11) 29. c4
Bd4 30. Rh4 Be5 31. Ne3 g5 (31... Rf8 $5 32. Bd5 Bxd5 33. cxd5 (33. Nxd5 Rf1+
34. Kc2 Rf2+) 33... Bf4 $11) 32. Rh6+ Kc5 {A pair of bishops and the activity
of its pieces allows black to reach a draw without any problem} 33. Bd5 Bf4 34.
Nd1 (34. Bxc6 bxc6 35. Nf5 Rd1+ 36. Kc2 Rg1) 34... Bxd5 35. cxd5 Kxd5 {The
centralized king, a strong bishop and the weakness of Pg2, already give black
some advantage. White must act accurately in order to reach a draw.} 36. Nc3+
Kc4 37. Rh7 b5 {After 37...Rd2 white reached a draw after a series of exact
moves} (37... Rd2 38. g3 $5 (38. Rxb7 Rxg2 39. a3 a5 $36) 38... Bxg3 39. Ne4
Rg2 40. Nxg5 Bf4 41. b3+ Kd5 42. Nh3 Be5 43. Rxb7 Rb2+ 44. Kc1 Rxa2 45. Rb5+
Kd4 46. Ng5 $11) 38. Rxa7 b4 (38... Rd2 39. g3 Bxg3 40. Ne4 Rg2 41. Nxg5 Be5
42. Nf3 Rxb2+ 43. Kc1) 39. Ra4 $1 {White ties the pawn and immideatly reaches
a draw} Kc5 (39... Rd2) 40. Ra5+ Kc4 41. Ra4 Kc5 42. Ra5+ Kc4 1/2-1/2

[Event "Corus-B"]
[Site "Wijk aan Zee"]
[Date "2001.01.21"]
[Round "5"]
[White "Nijboer, Friso"]
[Black "Van der Weide, Karel"]
[Result "1-0"]
[WhiteElo "2578"]
[BlackElo "2463"]
[Annotator "Gofshtein,L"]
[PlyCount "93"]
[EventDate "2001.01.13"]
[EventType "tourn"]
[EventRounds "11"]
[EventCountry "NED"]
[EventCategory "10"]
[SourceTitle "CBM 081"]
[Source "ChessBase"]
[SourceDate "2001.03.20"]
[SourceVersion "1"]
[SourceVersionDate "2001.03.20"]
[SourceQuality "1"]

1. e4 c5 2. Nf3 Nc6 3. d4 cxd4 4. Nxd4 Nf6 5. Nc3 d6 6. Bg5 e6 7. Qd2 Be7 8.
O-O-O O-O 9. f4 Nxd4 10. Qxd4 Qa5 11. Bc4 Bd7 12. e5 dxe5 13. fxe5 Bc6 14. Bd2
Nd7 15. Nd5 Qd8 16. Nxe7+ Qxe7 17. Rhe1 Rfd8 18. Qg4 Nf8 19. Bd3 Rd5 20. Bb4
Qc7 ({In most of the games played with this variation, Black played
"automatically" only} 20... Qd8 $5 {The main idea of this continuation is to
play Ng6 with evntual Qh4.} 21. h4 (21. Bd6 Ng6 22. g3 (22. c4 f5 $5 23. Qg3
Rd4 24. Qe3 Rh4 $132 {1/2-1/2 Pinter,G-Dembo,Y/Budapest 1999/CBM 71 ext (51)})
22... Qa5 23. Bxg6 hxg6 24. a3 Rc8 $132 {1/2-1/2 Herrera,I-Kharlov,A/Ubeda
1999/CBM 68 ext (53)}) (21. Kb1 Ng6 22. Bd6 Qh4 23. Qxh4 Nxh4 24. Rg1 Nxg2 25.
Rxg2 Rxd6 26. Rxg7+ Kxg7 27. exd6 f5 28. c4 a5 29. b3 Kf6 $44 {0-1 Joecks,
C-Meyer,C/Germany 1991/GER-chT2 (32)}) (21. g3 Ng6 22. Bc3 Qb8 23. Qe2 b5 24.
b3 a5 25. h4 b4 26. Bb2 Bb5 27. Bxb5 Qxb5 28. Qxb5 Rxb5 29. Rd7 h5 $132 {
1-0 Magem Badals,J-San Segundo,P/Torrevieja 1997/CBM 60 ext (55)}) (21. Be4
Rxd1+ 22. Rxd1 Qb6 23. Bxc6 Qxc6 24. Bxf8 Rxf8 25. Rd3 Qa6 $132 {1/2-1/2 Vehi
Bach,V-Sherbakov,R/Groningen 1998/EXT 2000 (41)}) 21... Ng6 22. Bxg6 hxg6 23.
Qf4 Rc8 24. Rf1 Rxd1+ 25. Rxd1 Bd5 26. b3 a5 27. Bd6 Bxg2 28. Qg5 Qxg5+ 29.
hxg5 Be4 30. c4 $44 {1-0 Yemelin,V-Kharlov,A/RUS-ch 1996/CBM 56 (49)}) 21. Bd6
{Natural move} ({Worth of attention} 21. Re3 $5 Ng6 22. Bc3 Qd8 23. Rh3 b5 24.
Rf1 b4 25. Qh5 h6 26. Rxf7 $1 $18 {1-0 Hajnal,Z-Olle,P/Paks 1998/EXT 2000 (50)}
) ({In my opinion, the best move is} 21. c4 $1 Rd7 22. Bd6 Qa5 23. Kb1 {
with strong initiative:} Ng6 24. h4 f5 25. Qg3 Qd8 26. Rh1 Nh8 27. c5 $36 {
1-0 Almasi,Z-Hracek,Z/Germany 1997/GER-chT/[ChessBase] (41)}) 21... Qa5 22. Kb1
(22. Bc4 $6 Rxd1+ 23. Rxd1 Ng6 $132) 22... Ng6 {[%csl Re5]} ({After} 22... Rc8
23. h4 {Black has serious problems:} Bb5 24. Be4 Rxd1+ 25. Rxd1 Qa6 26. b3 Bc6
27. Bd3 Qb6 28. Qf4 Be8 29. g4 Rd8 30. h5 $40 {1-0 Grischuk,A-Evelev,V/Moscow
1998/EXT 2000 (38)}) 23. Qg3 {[%csl Ge5] protecting Pe5.} Qa4 $6 (23... Rd8 24.
c4 $1 $14) ({Very strong here was} 23... b5 $1 {this move purpose is to
prevent c2-c4 promotion.} 24. h4 Qa4 $1 $132 {[%cal Ga4h4]}) 24. c4 $5 {
[%mdl 4] Expelling Rd5 and cutting temporary Qa4.} (24. b3 Qf4 $5 25. Bxg6
Rxd1+ 26. Rxd1 Qxg3 27. Bxf7+ Kxf7 28. hxg3 Bxg2 $11) 24... Rd4 (24... Ra5 25.
a3 $16) 25. Bc5 {expelling Rd4 from active location.} (25. Qe3 Rh4 26. b3 Qa5 {
Despite of ugly position of Rh4 I can't show clear plan using this factor.})
25... Rd7 26. Bd6 {obstructing Rd7.} b5 $132 {Start of any counterplay attempt.
Otherwise, after eventual h4-h5 White has very dangerous Attack.} 27. b3 {
expelling Q from the 4-th line.} Qa5 28. c5 Qb4 29. Qe3 Re8 {Black hasn't
active moves.} 30. Bc2 Qf4 {after this move White transforms position into
endgame with P over by force.} ({Worth of attention} 30... Qh4 $5) (30... Bxg2
$2 31. c6 $16 {[%cal Gd6b4]}) 31. Bxg6 Qxe3 32. Bxh7+ Kxh7 33. Rxe3 Bxg2 {
opening g-file for White RR with defeating Attack. Otherwise White has P over
without any compensation.} 34. Rg1 Bc6 35. Rh3+ Kg8 36. Rg4 $40 Red8 37. Kc2 $1
{Very strong plan! White includes his K to the game. Black is helpless.} (37.
Rgh4 f5 $132) (37. Rhg3 g6 $132) 37... a5 38. Kd2 Ra8 39. Ke3 b4 40. Kf4 a4 41.
Kg5 $18 axb3 42. Rgh4 f6+ 43. Kg6 $1 {Very nice idea! White K takes active
part in mate net building!} Be4+ 44. Rxe4 Rxa2 45. Rxb4 Rg2+ 46. Rg3 Rxh2 47.
Rb8+ 1-0